| 000 | 00619nam a2200217Ia 4500 | ||
|---|---|---|---|
| 005 | 20260429112051.0 | ||
| 008 | 260429s9999||||xx |||||||||||||| ||und|| | ||
| 020 | _a9784431546061 | ||
| 041 | _aEnglish | ||
| 082 |
_a660.6 _bANA |
||
| 100 | _aAnazawa, Hideharu | ||
| 245 | 0 |
_aMicrobial production : _bfrom genome design to cell engineering / _cHideharu Anazawa |
|
| 250 | _a1st ed. | ||
| 260 |
_aSingapore : _bSpringer, _c2014. |
||
| 300 | _axi, 360 p.; hb | ||
| 650 | _a Cell engineering | ||
| 650 | _a Genome engineering | ||
| 650 | _aMicrobial biotechnology | ||
| 700 | _a Shimizu, Sakayu | ||
| 942 | _cTB | ||
| 999 |
_c52174 _d52174 |
||